| 000 | 00817nam a2200205Ii 4500 | ||
|---|---|---|---|
| 003 | JO-AjNU | ||
| 008 | 230605s9999||||xx |||||||||||||| ||und|| | ||
| 017 | _a2011/781 | ||
| 040 |
_aJO-AjNU _bara _erda _cJO-AjNU |
||
| 041 | _aara | ||
| 050 | 1 | 4 | _aKMY48.3.A7764 2010 |
| 100 | 3 |
_aعطروش، عبد الحكيم محسن, _eauthor _947368 |
|
| 245 | 0 | 0 | _aأحكام القانون الدولي الخاص في القانون اليمني والقانون المقارن |
| 264 | 3 | 1 | _aعدن: جامعة عدن للطباعة والنشر، 2010 |
| 300 | _a365ص | ||
| 336 |
_atext _btxt _2rdacontent |
||
| 337 |
_aunmediated _bn _2rdamedia |
||
| 338 |
_avolume _bnc _2rdacarrier |
||
| 650 | 4 |
_aقانون وتشريعات - اليمن - القانون المقارن - القانون الدولي الخاص _947369 |
|
| 999 |
_aA20673 _c24241 _d24241 |
||